• 首页
  • 本馆介绍
  • 公告通知
  • 最新文献
  • 馆藏检索
  • 电子资源
  • 读者导购
  • 参考咨询
  • 我的图书馆
  • 登录
  • 详细信息显示
  • 放入我的书架
  • 预约/预借图书
  • 作者相关作品
  • 分类相关作品
  • 丛书相关作品
  • 出版社相关作品

书目信息

  • 表格格式
  • 工作单格式
  • 卡片格式
题名:
白孔六帖
    
 
作者: 白居易 撰 ;孔传 , 勾利军 续撰
分册:  
出版信息: 济南   齐鲁书社  2014
页数: 175页
开本: 26cm
丛书名: 歷史文獻與傳統文化叢刊
单 册:
中图分类: Z221 , Z22
科图分类:
主题词: 百科全书--中国--唐代 , 社会生活--中国--唐代
电子资源:
ISBN: 978-7-5333-3176-4
000 01194nam 2200349 450
001 2361960886
005 20231210171408.50
010    @a978-7-5333-3176-4@dCNY39.00
100    @a20141008d2014 em y0chiy50 ea
101 0  @achi
102    @aCN@b370000
105    @ay z 000yy
200 1  @a白孔六帖@Abai kong liu tie@e社會生活部分@f(唐) 白居易撰@g(宋) 孔傳續撰@g勾利軍點校
210    @a济南@c齐鲁书社@d2014
215    @a175页@d26cm
225 2  @a歷史文獻與傳統文化叢刊@Ali shi wen xian yu chuan tong wen hua cong kan
300    @a本成果受2013年廣東省學科建設專項資金資助
330    @a本书是对《白孔六帖》中诸如亭台楼阁、服饰、饮食等有管社会生活部分的点校。
410  0 @12001 @a歷史文獻與傳統文化叢刊
517 1  @a社會生活部分@Ashe hui sheng huo bu fen
517 1  @a社會生活部分@AShe Kuo Sheng Huo Bu Fen
606 0  @a百科全书@y中国@z唐代
606 0  @a社会生活@y中国@z唐代
690    @aZ221@v5
690    @aZ22@v4
701  0 @a白居易@Abai ju yi@4撰
702  0 @a孔传@Akong zhuan@4续撰
702  0 @a勾利军@Agou li jun@4点校
730 1  @a孔傳@Akong zhuan@4續撰
730 1  @a勾利軍@Agou li jun@4點校
801  0 @aCN@b湖北三新@c20141008
905    @aZUCC@dZ22@e31
    
    白孔六帖:社會生活部分/(唐) 白居易撰/(宋) 孔傳續撰/勾利軍點校.-济南:齐鲁书社,2014
    175页;26cm.-(歷史文獻與傳統文化叢刊)
    本成果受2013年廣東省學科建設專項資金資助
    
    ISBN 978-7-5333-3176-4:CNY39.00
    本书是对《白孔六帖》中诸如亭台楼阁、服饰、饮食等有管社会生活部分的点校。
●
相关链接 在五车中查询图书 在当当中查询图书 在豆瓣中查询图书


正题名:白孔六帖     索取号:Z22/31         预约/预借

序号 登录号 条形码 馆藏地/架位号 状态 备注
1 2001421386   2001421386   第四书库/四22架B面2层2列/ [索取号:Z22/31] 在馆    
山东省滨州职业学院图书馆 欢迎您!
大连网信软件有限公司© 版权所有